[Event "4th London Classic Open"]
[Site "London ENG"]
[Date "2012.12.01"]
[Round "1"]
[White "Fayard,A"]
[Black "Nettleton,Charlie B"]
[Result "1-0"]
[WhiteTitle "FM"]
[WhiteElo "2202"]
[BlackElo "1845"]
[WhiteFideId "600857"]
[BlackFideId "419710"]
[EventDate "2012.12.01"]

1. d4 Nf6 2. c4 g6 3. Nc3 Bg7 4. e4 d6 5. Be2 O-O 6. Bg5 Na6 7. Nf3 c5 8. d5 Nc7
9. Qd2 Bg4 10. O-O a6 11. a4 b5 12. axb5 axb5 13. cxb5 Nd7 14. h3 Bxf3 15. Bxf3
Rb8 16. Be2 Nf6 17. Ra7 Ra8 18. b6 Rxa7 19. bxa7 Qa8 20. Ra1 Qb7 21. e5 Nfxd5
22. Bf3 e6 23. exd6 Na8 24. Nxd5 exd5 25. Bxd5 Qxb2 26. Qxb2 Bxb2 27. Rb1 1-0

[Event "4th London Classic Open"]
[Site "London ENG"]
[Date "2012.12.01"]
[Round "1"]
[White "Bates,C"]
[Black "Clayton,T"]
[Result "1-0"]
[WhiteElo "2200"]
[BlackElo "1830"]
[WhiteFideId "414760"]
[BlackFideId "416533"]
[EventDate "2012.12.01"]

1. e4 c6 2. Nc3 d5 3. Nf3 Nf6 4. e5 Ne4 5. d3 Nxc3 6. bxc3 Bg4 7. Be2 e6 8. O-O
Be7 9. Ne1 Bxe2 10. Qxe2 Nd7 11. f4 Qc7 12. Kh1 O-O-O 13. Nf3 c5 14. Bd2 h6 15.
f5 Kb8 16. fxe6 fxe6 17. c4 Rhf8 18. cxd5 exd5 19. e6 Nb6 20. Ne5 Ka8 21. Ng6
Rf6 22. Bf4 Bd6 23. Bxd6 Qxd6 24. Rxf6 gxf6 25. Re1 Re8 26. Qg4 Nd7 27. Qf5 a6
28. Nf4 Ne5 29. Qxf6 Ng4 30. Qf7 Re7 31. Qg8+ 1-0

[Event "4th London Classic Open"]
[Site "London ENG"]
[Date "2012.12.01"]
[Round "1"]
[White "Campbell,E"]
[Black "Farrand,T"]
[Result "0-1"]
[WhiteElo "1819"]
[BlackElo "2200"]
[WhiteFideId "2400740"]
[BlackFideId "406457"]
[EventDate "2012.12.01"]

1. d4 f5 2. Bg5 h6 3. Bh4 g5 4. e4 Nf6 5. Bg3 f4 6. Bxf4 gxf4 7. e5 e6 8. exf6
Qxf6 9. Qh5+ Kd8 10. Nf3 Nc6 11. c3 d5 12. Nbd2 Bd7 13. O-O-O Bd6 14. Bb5 Rg8
15. Bxc6 Bxc6 16. Rde1 Be8 17. Qh3 Bd7 18. Ne5 Bxe5 19. Rxe5 c6 20. Rhe1 Kc7 21.
Nf3 Qg6 22. g3 Raf8 23. Nh4 Qf6 24. g4 f3 25. R1e3 Qf4 26. Nxf3 Rxg4 27. Qf1 Rf5
28. Rxf5 Qxf5 29. Qh3 Qf4 30. Ne5 Rg1+ 31. Kc2 Qxf2+ 32. Kb3 Rg2 33. Nd3 Qc2+
34. Ka3 b5 35. b3 a5 0-1

[Event "4th London Classic Open"]
[Site "London ENG"]
[Date "2012.12.01"]
[Round "1"]
[White "Marusenko,P"]
[Black "Mc Aleenan,C"]
[Result "1-0"]
[WhiteTitle "IM"]
[WhiteElo "2197"]
[BlackElo "1813"]
[WhiteFideId "14100606"]
[BlackFideId "2461617"]
[EventDate "2012.12.01"]

1. d4 e6 2. c4 f5 3. g3 Nf6 4. Bg2 d5 5. Nf3 c6 6. O-O Bd6 7. b3 Qe7 8. a4 a5 9.
Ba3 Bxa3 10. Nxa3 O-O 11. Nc2 Bd7 12. Rb1 Na6 13. Ne5 b6 14. f3 Rfd8 15. e3 Be8
16. Qe2 c5 17. g4 fxg4 18. fxg4 Nb4 19. Nxb4 cxb4 20. Rbc1 Rac8 21. g5 Nd7 22.
Nxd7 Bxd7 23. cxd5 Rxc1 24. Rxc1 Qxg5 25. Qf3 Rf8 26. Qg3 Qh5 27. d6 Qe2 28. Rf1
Rxf1+ 29. Bxf1 Qh5 30. Qg2 Qe8 31. Bd3 Qh5 32. Qa8+ Kf7 33. Qd8 Qd1+ 34. Kf2
Qxd3 35. Qxd7+ Kg6 36. Qxe6+ Kg5 37. Kg3 g6 38. d7 1-0

[Event "4th London Classic Open"]
[Site "London ENG"]
[Date "2012.12.01"]
[Round "1"]
[White "Parry,Jacques"]
[Black "Wallace,P"]
[Result "0-1"]
[WhiteElo "1809"]
[BlackElo "2193"]
[WhiteFideId "425923"]
[BlackFideId "2500892"]
[EventDate "2012.12.01"]

1. d4 Nf6 2. c4 g6 3. Nc3 Bg7 4. e4 d6 5. Nf3 O-O 6. h3 c5 7. Be3 cxd4 8. Nxd4
Nc6 9. Nf3 b6 10. Be2 Bb7 11. O-O Nd7 12. Qd2 Re8 13. Nd5 Nc5 14. Nc3 Bxc3 15.
Qxc3 Nxe4 16. Qc1 e5 17. Bd3 Nc5 18. Be2 Ne7 19. Rd1 Nf5 20. Bd2 Rc8 21. Bc3 Ne4
22. Bxe5 Nxf2 23. Kxf2 Qe7 24. Re1 dxe5 25. Kg1 Qc5+ 26. Kh2 e4 27. Nd2 Qf2 28.
Nf1 e3 0-1

[Event "4th London Classic Open"]
[Site "London ENG"]
[Date "2012.12.01"]
[Round "1"]
[White "Hodgson,Jo"]
[Black "Boy Lazoni,Victor Hugo"]
[Result "1-0"]
[WhiteElo "2192"]
[BlackElo "1806"]
[WhiteFideId "403520"]
[BlackFideId "3822141"]
[EventDate "2012.12.01"]

1. e4 c6 2. d4 d5 3. Nd2 dxe4 4. Nxe4 Nd7 5. Ng5 Ngf6 6. Bd3 e6 7. Qe2 h6 8.
N5f3 Bd6 9. c3 Qc7 10. Be3 O-O 11. O-O-O e5 12. dxe5 Nxe5 13. Nxe5 Bxe5 14. Nf3
Be6 15. Nxe5 Qxe5 16. Kb1 Bf5 17. Bxf5 Qxf5+ 18. Qc2 Qa5 19. f3 Rfe8 20. Bf2 Re6
21. Rhe1 Rae8 22. Rxe6 Rxe6 23. c4 a6 24. Qd2 Qf5+ 25. Qc2 Qxc2+ 26. Kxc2 Re2+
27. Rd2 Rxd2+ 28. Kxd2 Kf8 29. Kd3 Nd7 30. Bd4 f5 31. g4 g6 32. gxf5 gxf5 33.
Ke3 Kf7 34. Kf4 Kg6 35. b3 h5 36. Bc3 c5 37. a4 b6 38. h4 a5 39. Bb2 Nb8 40. Ke5
Nc6+ 41. Kd5 Nb4+ 42. Kd6 f4 43. Bc3 Nc2 44. Ke5 Ne3 45. Kxf4 Nf5 46. Be1 Nd4
47. Ke4 Nxb3 48. Bc3 Nc1 49. f4 Ne2 50. f5+ Kf7 51. Bb2 Ke7 52. Be5 Kf7 53. Kd5
Ng1 54. Kc6 Nf3 55. Bg3 Nd2 56. Kb5 Kf6 57. Bc7 Kxf5 58. Bxb6 Nb3 59. Bxc5 Nxc5
60. Kxc5 Kg4 61. Kd4 Kxh4 62. c5 Kg3 63. c6 h4 64. c7 h3 65. c8=Q 1-0

[Event "4th London Classic Open"]
[Site "London ENG"]
[Date "2012.12.01"]
[Round "1"]
[White "Rallabandi,Praveen Kumar"]
[Black "Iwanow,A"]
[Result "0-1"]
[BlackTitle "WIM"]
[WhiteElo "1793"]
[BlackElo "2188"]
[WhiteFideId "426032"]
[BlackFideId "1135988"]
[EventDate "2012.12.01"]

1. e4 e5 2. Nf3 Nc6 3. d4 exd4 4. Bc4 Nf6 5. e5 d5 6. Bb5 Ne4 7. Nxd4 Bd7 8.
Bxc6 bxc6 9. O-O Bc5 10. f3 Ng5 11. f4 Ne4 12. Be3 Bb6 13. Nc3 Nxc3 14. bxc3 Qe7
15. a4 a5 16. Qd3 O-O 17. Nf3 g6 18. Bxb6 cxb6 19. Nd4 Rad8 20. Rfb1 c5 21. Nb5
Bf5 22. Qd2 f6 23. Nd6 fxe5 24. Nxf5 Rxf5 25. Rxb6 exf4 26. Rab1 f3 27. Rb7 Qh4
28. Qf2 Qf6 29. g4 Rf4 30. h3 d4 31. cxd4 Rfxd4 32. R7b6 Qf4 33. c3 Rd1+ 0-1

[Event "4th London Classic Open"]
[Site "London ENG"]
[Date "2012.12.01"]
[Round "1"]
[White "Semprun Martinez,F"]
[Black "Burnham,Frank D"]
[Result "1-0"]
[WhiteElo "2183"]
[BlackElo "1792"]
[WhiteFideId "2203170"]
[BlackFideId "419516"]
[EventDate "2012.12.01"]

1. e4 c5 2. Nf3 d6 3. d4 cxd4 4. Nxd4 Nc6 5. c4 Nf6 6. Nc3 e6 7. Be2 Be7 8. O-O
O-O 9. Be3 Nxd4 10. Qxd4 b6 11. Rfd1 Bb7 12. f3 Ne8 13. Nb5 e5 14. Qd2 a6 15.
Nc3 f5 16. exf5 Rxf5 17. Nd5 Bxd5 18. Qxd5+ Kh8 19. Qb7 Rb8 20. Qxa6 Nc7 21. Qa4
Ne6 22. Qc2 Qf8 23. Bd3 Rh5 24. Be4 Qf6 25. Qf2 b5 26. cxb5 Rxb5 27. a4 Rb8 28.
a5 Nc7 29. a6 d5 30. a7 Rd8 31. Bxd5 Qf8 32. Bb6 Na8 33. Rac1 Nxb6 34. Qxb6 e4
35. Qxd8 Bxd8 36. a8=Q Qd6 37. Bxe4 Qxh2+ 38. Kf2 Qh4+ 39. Ke2 1-0

[Event "4th London Classic Open"]
[Site "London ENG"]
[Date "2012.12.01"]
[Round "1"]
[White "Kalerwa,Edwin M"]
[Black "Jaunooby,A"]
[Result "0-1"]
[WhiteElo "1783"]
[BlackElo "2178"]
[WhiteFideId "422223"]
[BlackFideId "413291"]
[EventDate "2012.12.01"]

1. e4 d6 2. d4 f5 3. Nc3 Nf6 4. Qf3 Nc6 5. Bb5 fxe4 6. Nxe4 Bd7 7. c3 g6 8. Bg5
Bg7 9. O-O-O O-O 10. Nxf6+ exf6 11. Bc4+ Kh8 12. Bf4 Ne5 13. dxe5 fxe5 14. Qe2
Rxf4 15. g3 Rf8 16. h4 Bf5 17. g4 Bh6+ 18. g5 Bg7 19. Bd3 d5 20. Nh3 e4 21. Bc2
Qd7 22. Qe3 Bg4 23. Nf4 c6 24. Rdf1 d4 25. cxd4 Bxd4 0-1

[Event "4th London Classic Open"]
[Site "London ENG"]
[Date "2012.12.01"]
[Round "1"]
[White "Williamson,R"]
[Black "Reutimann,H"]
[Result "1-0"]
[WhiteElo "2177"]
[BlackElo "1783"]
[WhiteFideId "414620"]
[BlackFideId "1313886"]
[EventDate "2012.12.01"]

1. e4 e6 2. Nf3 Nc6 3. d4 d5 4. Nc3 Bb4 5. Bd3 Nge7 6. O-O O-O 7. e5 Ng6 8. Ng5
Be7 9. Qh5 Bxg5 10. Bxg5 Nce7 11. f4 f6 12. exf6 gxf6 13. Bh6 Rf7 14. Rf3 f5 15.
Rg3 Qd6 16. Rf1 Bd7 17. h4 c5 18. Qg5 Kh8 19. h5 Rg8 20. hxg6 Nxg6 21. Qh5 cxd4
22. Ne2 Qb6 23. Rh3 Rc8 24. Bg5 1-0

[Event "4th London Classic Open"]
[Site "London ENG"]
[Date "2012.12.01"]
[Round "1"]
[White "Dror,L"]
[Black "Tozer,Philip A A"]
[Result "0-1"]
[WhiteElo "1782"]
[BlackElo "2176"]
[WhiteFideId "2809583"]
[BlackFideId "419982"]
[EventDate "2012.12.01"]

1. e4 e6 2. d4 d5 3. Nc3 Nf6 4. e5 Nfd7 5. f4 c5 6. Nf3 Nc6 7. Be3 cxd4 8. Nxd4
Bc5 9. Qd2 O-O 10. O-O-O a6 11. h4 Nxd4 12. Bxd4 b5 13. Bxc5 Nxc5 14. Qd4 Qc7
15. Rh3 Rb8 16. g4 b4 17. Nb1 b3 18. Nd2 bxc2 19. Re1 Qb6 20. b3 Bd7 21. Rc3
Rfc8 22. Kxc2 Na4 23. Rxc8+ Rxc8+ 24. Kd3 Bb5+ 0-1

[Event "4th London Classic Open"]
[Site "London ENG"]
[Date "2012.12.01"]
[Round "1"]
[White "Steil Antoni,F"]
[Black "Chilton,James I"]
[Result "1-0"]
[WhiteTitle "WIM"]
[WhiteElo "2169"]
[BlackElo "1779"]
[WhiteFideId "4001249"]
[BlackFideId "423009"]
[EventDate "2012.12.01"]

1. e4 c5 2. Nc3 e6 3. g3 Nc6 4. Bg2 Nf6 5. d3 Be7 6. f4 d5 7. e5 Nd7 8. Nf3 g5
9. Nxg5 Bxg5 10. fxg5 Ndxe5 11. O-O c4 12. dxc4 Nxc4 13. Qe2 Ne7 14. b3 Qb6+ 15.
Kh1 Qd4 16. Nb5 Qxa1 17. bxc4 O-O 18. Ba3 Qxa2 19. Bxe7 Qxc4 20. Qxc4 dxc4 21.
Bxf8 Kxf8 22. Be4 Bd7 23. Nd6 Be8 24. Bxb7 Rb8 25. Be4 Kg7 26. Ra1 h5 27. Rxa7
Rd8 28. Nxe8+ Rxe8 29. g6 Rf8 30. c3 Kf6 31. Rxf7+ Rxf7 32. gxf7 Kxf7 33. Bf3
Kg6 34. Be2 e5 35. Bxc4 e4 36. Kg2 Kf5 37. Be2 1-0

[Event "4th London Classic Open"]
[Site "London ENG"]
[Date "2012.12.01"]
[Round "1"]
[White "Gupta,Arul"]
[Black "Moloney,N"]
[Result "0-1"]
[WhiteElo "1761"]
[BlackElo "2168"]
[WhiteFideId "422622"]
[BlackFideId "405558"]
[EventDate "2012.12.01"]

1. e4 e6 2. d4 d5 3. Nd2 dxe4 4. Nxe4 Nf6 5. Bg5 Be7 6. Nxf6+ Bxf6 7. Bxf6 Qxf6
8. Nf3 Bd7 9. Ne5 O-O 10. Bd3 c5 11. Qh5 g6 12. Qf3 Qxf3 13. Nxf3 cxd4 14. Nxd4
Nc6 15. Nf3 e5 16. O-O-O Bg4 17. Be4 Rac8 18. Bxc6 bxc6 19. Rhe1 f6 20. h3 Bxf3
21. gxf3 Rfd8 22. Rxd8+ Rxd8 23. Rd1 Rxd1+ 24. Kxd1 Kf7 25. Kd2 Ke6 26. Ke3 g5
27. b4 f5 28. c4 h5 29. a4 Kd6 30. Kd3 h4 31. Ke2 Kc7 32. Ke3 c5 33. bxc5 Kc6
34. f4 exf4+ 35. Kd3 g4 36. Ke2 a5 37. Kf1 f3 38. Kg1 Kxc5 39. hxg4 fxg4 40. Kh2
Kxc4 41. Kg1 Kd3 42. Kh2 Ke2 0-1

[Event "4th London Classic Open"]
[Site "London ENG"]
[Date "2012.12.01"]
[Round "1"]
[White "Guthrie,D"]
[Black "Watson,Darrell A"]
[Result "1-0"]
[WhiteElo "2167"]
[BlackElo "1758"]
[WhiteFideId "4300505"]
[BlackFideId "420476"]
[EventDate "2012.12.01"]

1. d4 Nf6 2. c4 e6 3. Nc3 c5 4. d5 d6 5. e4 exd5 6. cxd5 g6 7. f4 Bg7 8. Bb5+
Bd7 9. e5 Bxb5 10. exf6 Bxf6 11. Nxb5 O-O 12. Ne2 a6 13. Nbc3 Bh4+ 14. g3 Bf6
15. a4 Re8 16. O-O Nd7 17. Qd3 Bg7 18. Kg2 Qf6 19. Bd2 c4 20. Qxc4 Rac8 21. Qd3
Nc5 22. Qf3 Nb3 23. Rad1 Qf5 24. Nc1 Nd4 25. Qd3 Qh5 26. Be3 Rxc3 27. bxc3 Qxd5+
28. Kg1 Nf3+ 29. Kf2 Qh5 30. Qd5 Ne5 31. fxe5 Rxe5 32. Qg2 Rxe3 33. Kxe3 Bh6+
34. Kd3 d5 35. Qe2 1-0

[Event "4th London Classic Open"]
[Site "London ENG"]
[Date "2012.12.01"]
[Round "1"]
[White "Willmoth,R"]
[Black "Pattni,Kishan"]
[Result "1-0"]
[WhiteElo "2164"]
[BlackElo "1747"]
[WhiteFideId "402540"]
[BlackFideId "420751"]
[EventDate "2012.12.01"]

1. Nf3 d5 2. d4 Nf6 3. g3 g6 4. Bg2 Bg7 5. O-O O-O 6. c4 c6 7. Nc3 dxc4 8. a4
Bf5 9. Ne5 Nd5 10. Nxc4 Nb4 11. e4 Be6 12. d5 cxd5 13. Nxd5 N4c6 14. Bg5 Re8 15.
Rc1 Qd7 16. Qd2 Na6 17. Rfd1 Bxd5 18. exd5 Ne5 19. Qe2 Nxc4 20. Rxc4 h6 21. Be3
Red8 22. Rdc1 b5 23. Rc6 Nb4 24. Rc7 Qd6 25. Bf4 Qf6 26. d6 Rab8 27. dxe7 Re8
28. Rxa7 Rb6 29. Ra8 Rxa8 30. Bxa8 1-0

[Event "4th London Classic Open"]
[Site "London ENG"]
[Date "2012.12.01"]
[Round "1"]
[White "Kroezen,R"]
[Black "Ethelontis,A"]
[Result "0-1"]
[WhiteElo "1726"]
[BlackElo "2155"]
[WhiteFideId "1016091"]
[BlackFideId "405469"]
[EventDate "2012.12.01"]

1. e4 e6 2. d4 d5 3. e5 c5 4. c3 Qb6 5. a4 Nc6 6. Nf3 Nh6 7. Bb5 Bd7 8. O-O Nf5
9. Na3 cxd4 10. Bxc6 Bxc6 11. cxd4 Be7 12. Nc2 Rc8 13. Ne3 O-O 14. b3 Bd7 15.
Qd3 Qa6 16. Qxa6 bxa6 17. Nxf5 exf5 18. Bd2 Rb8 19. Rfb1 Rb7 20. b4 Rfb8 21. e6
Bxe6 22. Bf4 Rc8 23. b5 axb5 24. Rxb5 Rb6 25. Rab1 Rxb5 26. Rxb5 f6 27. Rb8 Rxb8
28. Bxb8 a6 29. Bc7 Bb4 30. g3 Bd7 31. a5 Kf7 32. Nh4 Ke6 33. Ng2 g5 34. Ne3 Bc3
35. Bb6 Bd2 36. Nf1 Bc3 37. Ne3 h5 38. f3 Kd6 39. Nc2 Kc6 40. Na3 Bb4 41. Nc2
Bd2 42. Kf2 Kb5 43. Bd8 Bxa5 44. Bxf6 g4 45. Bg5 Ka4 46. fxg4 fxg4 47. Be7 Kb3
48. Ne3 Be6 49. Ke2 Bc3 50. Kd3 Bf7 51. Bc5 a5 52. Nd1 Bg6+ 53. Ke3 Ba1 54. Bb6
a4 55. Kd2 a3 56. Ba5 Bxd4 0-1

[Event "4th London Classic Open"]
[Site "London ENG"]
[Date "2012.12.01"]
[Round "1"]
[White "Eriksson,B1"]
[Black "Sigurdsson,Birkir Karl"]
[Result "1-0"]
[WhiteElo "2154"]
[BlackElo "1725"]
[WhiteFideId "1702777"]
[BlackFideId "2304180"]
[EventDate "2012.12.01"]

1. e4 e6 2. d4 d5 3. Nc3 Bb4 4. Ne2 c5 5. dxc5 Bxc5 6. exd5 Qb6 7. Ne4 Qb4+ 8.
N2c3 Qb6 9. Nxc5 Qxc5 10. Qg4 Ne7 11. Be3 Qa5 12. Bb5+ Kf8 13. Bc5 Qc7 14. Qc4
Qe5+ 15. Kf1 Nd7 16. Re1 Qf5 17. Bxe7+ Kxe7 18. dxe6 fxe6 19. Nd5+ Kf7 20. Nc7
Nb6 21. Qb3 Rb8 22. Bd3 Qf6 23. Nb5 Rf8 24. Re3 Kg8 25. Rf3 Qg5 26. Rxf8+ Kxf8
27. Qb4+ Kg8 28. g3 Bd7 29. Nc3 Nd5 30. Nxd5 exd5 31. h4 Qh5 32. Qd6 Rd8 33. Qe7
Qe8 34. Qxe8+ Rxe8 35. Kg2 Bc6 36. Rd1 Re7 37. Rd2 Rc7 38. Be2 Kf7 39. f4 Ke6
40. Bg4+ Kd6 41. Bf3 Kc5 42. g4 d4 43. Bxc6 bxc6 44. Kf3 Kc4 45. f5 c5 46. Rd3
Re7 47. Ra3 Rb7 48. Rb3 Re7 49. g5 Re5 50. Kf4 Re2 51. f6 gxf6 52. gxf6 Rxc2 53.
f7 d3 54. Ke3 d2 55. Ke2 d1=Q+ 56. Kxd1 Rf2 57. Rb7 a5 58. Ke1 Rf6 59. Rd7 a4
60. a3 Kb3 61. Rb7+ Kc2 62. Ke2 c4 63. Ke3 c3 64. bxc3 Kxc3 65. Ke4 Rf1 66. Ke5
h5 67. Ke6 Rf2 68. Rb5 1-0

[Event "4th London Classic Open"]
[Site "London ENG"]
[Date "2012.12.01"]
[Round "1"]
[White "Holzhauer,B"]
[Black "Gates,D"]
[Result "1-0"]
[WhiteElo "2153"]
[BlackElo "1705"]
[WhiteFideId "20605544"]
[BlackFideId "415723"]
[EventDate "2012.12.01"]

1. d4 d5 2. c4 c6 3. Nf3 Nf6 4. e3 a6 5. Bd3 g6 6. O-O Bg7 7. a4 a5 8. Nc3 O-O
9. Qb3 Ra7 10. Bd2 Be6 11. Rfd1 b6 12. Ne5 Ng4 13. f4 Nxe5 14. dxe5 d4 15. Ne2
c5 16. exd4 cxd4 17. Be1 f6 18. f5 gxf5 19. Nf4 Bf7 20. Bxf5 fxe5 21. Qh3 h6 22.
Ne6 Bxe6 23. Bxe6+ Kh8 24. Bd2 Rf6 25. Rf1 Qf8 26. Bg5 Nc6 27. Bxf6 exf6 28.
Rae1 Qe7 29. Re4 d3 30. Rh4 Ra8 31. Bd5 Rc8 32. Qxc8+ 1-0

[Event "4th London Classic Open"]
[Site "London ENG"]
[Date "2012.12.01"]
[Round "1"]
[White "Dale,Finley"]
[Black "Sayers,R"]
[Result "1/2-1/2"]
[WhiteElo "1691"]
[BlackElo "2153"]
[WhiteFideId "3213153"]
[BlackFideId "404870"]
[EventDate "2012.12.01"]

1. c4 e5 2. Nc3 Nc6 3. Nf3 g6 4. d4 exd4 5. Nxd4 Bg7 6. e3 Nge7 7. g3 O-O 8. Bg2
Nxd4 9. exd4 Nf5 10. Ne2 Qf6 11. d5 d6 12. O-O Nd4 13. Nxd4 Qxd4 14. Qxd4 Bxd4
15. Re1 Bf5 16. Rd1 Bg7 17. Bf1 Rfe8 18. Bd3 Bxd3 19. Rxd3 Re1+ 20. Kg2 Rae8 21.
Rb1 Bh6 22. Rc3 b6 23. b4 R8e2 24. c5 Bg7 25. Ra3 dxc5 26. Rxa7 Bd4 27. Bh6
Rxf2+ 28. Kh3 Re8 29. Re1 Rd8 30. d6 cxd6 31. Rae7 f5 32. bxc5 bxc5 33. Rc7 Bf6
34. Re6 Be5 35. Ree7 Rxa2 36. Bg7 Rda8 37. Bxe5 dxe5 38. Rg7+ Kf8 1/2-1/2

[Event "4th London Classic Open"]
[Site "London ENG"]
[Date "2012.12.01"]
[Round "1"]
[White "Maduekwe,C"]
[Black "Bratteteig,Tore-Inge"]
[Result "1-0"]
[WhiteElo "2151"]
[BlackElo "1684"]
[WhiteFideId "8500118"]
[BlackFideId "1510711"]
[EventDate "2012.12.01"]

1. Nf3 f5 2. d4 e6 3. g3 Nf6 4. Bg2 d6 5. c4 Be7 6. O-O O-O 7. Nc3 Qe8 8. Qc2
Qg6 9. b3 Nc6 10. Ba3 Ne4 11. Rad1 Nxc3 12. Qxc3 Bf6 13. Qc2 e5 14. dxe5 Nxe5
15. c5 dxc5 16. Qxc5 Nxf3+ 17. Bxf3 Re8 18. Qxc7 h5 19. Rd2 h4 20. Rfd1 hxg3 21.
hxg3 f4 22. Qxf4 Kh8 23. Kg2 Be6 24. Be4 Bh3+ 25. Kxh3 Rxe4 26. Qf3 Rae8 27. Kg2
Kg8 28. Qd3 Qg5 29. e3 Qa5 30. Qd5+ Qxd5 31. Rxd5 R4e6 32. Bd6 Rc8 33. R1d2 Rc6
34. Kf3 Kf7 35. Bc5 b6 36. Rd7+ Kg6 37. Ba3 a6 38. R7d6 b5 39. Rxe6 Rxe6 40. Rd6
Kf7 41. Rxe6 Kxe6 42. Ke4 Bc3 43. g4 Be1 44. f4 g6 45. f5+ gxf5+ 46. gxf5+ 1-0

[Event "4th London Classic Open"]
[Site "London ENG"]
[Date "2012.12.01"]
[Round "1"]
[White "Ociepka,A"]
[Black "Haddock,Paul"]
[Result "1-0"]
[WhiteElo "2143"]
[BlackElo "1665"]
[WhiteFideId "1141937"]
[BlackFideId "419150"]
[EventDate "2012.12.01"]

1. e4 e5 2. Nf3 Nc6 3. Bb5 Nf6 4. d3 d6 5. c3 a6 6. Ba4 b5 7. Bc2 Be7 8. O-O Bg4
9. Re1 O-O 10. Nbd2 Re8 11. Nf1 Bf8 12. h3 Bxf3 13. Qxf3 Nb8 14. Bb3 Nc6 15. Bg5
Na5 16. Bc2 c5 17. Ne3 Be7 18. Nf5 Rc8 19. Rad1 Rc7 20. Bb1 Nc6 21. a3 a5 22.
Ba2 Rb7 23. Qg3 Bf8 24. Nh6+ Kh8 25. Nxf7+ Rxf7 26. Bxf7 Be7 27. Bxe8 Qxe8 28.
Bxf6 Bxf6 29. Qf3 b4 30. axb4 axb4 31. Ra1 bxc3 32. bxc3 h6 33. Ra6 Qd7 34. Qg4
Qb7 35. Rea1 Kh7 36. Qf5+ 1-0

[Event "4th London Classic Open"]
[Site "London ENG"]
[Date "2012.12.01"]
[Round "1"]
[White "Sonnis,Steve"]
[Black "Varnam,L"]
[Result "1-0"]
[WhiteElo "1660"]
[BlackElo "2140"]
[WhiteFideId "423041"]
[BlackFideId "410950"]
[EventDate "2012.12.01"]

1. e4 c5 2. f4 d5 3. Nc3 dxe4 4. Nxe4 e6 5. Nf3 Nc6 6. Bb5 Bd7 7. O-O Qc7 8. d3
Nf6 9. a3 a6 10. Bxc6 Bxc6 11. Qe1 Nxe4 12. dxe4 O-O-O 13. c4 Bd6 14. e5 Be7 15.
Be3 f6 16. exf6 Bxf6 17. Ng5 Qe7 18. Qf2 Bd4 19. f5 exf5 20. Rae1 Bxe3 21. Qxe3
Qxe3+ 22. Rxe3 Rd2 23. Rf2 Rd1+ 24. Rf1 Rxf1+ 25. Kxf1 Re8 26. Rxe8+ Bxe8 27.
Ne6 Bf7 28. Nxg7 Bxc4+ 29. Kf2 Bd3 30. Ke3 c4 31. Kf4 b5 32. Nxf5 Kd7 33. Ke5 a5
34. g4 b4 35. axb4 Bxf5 36. gxf5 axb4 37. Kd4 c3 38. bxc3 bxc3 39. Kxc3 Ke7 40.
Kd4 Kf6 41. Ke4 Kf7 42. Ke5 Ke7 43. f6+ Kf7 44. Kf5 Kf8 45. Ke6 Ke8 46. f7+ Kf8
47. Kf6 h6 48. h4 h5 49. Kg6 1-0

[Event "4th London Classic Open"]
[Site "London ENG"]
[Date "2012.12.01"]
[Round "1"]
[White "Dole,A"]
[Black "Miu,M"]
[Result "1-0"]
[WhiteElo "2138"]
[BlackElo "1631"]
[WhiteFideId "14301490"]
[BlackFideId "1220691"]
[EventDate "2012.12.01"]

1. e4 e6 2. d4 d5 3. Nd2 f5 4. exf5 exf5 5. Bd3 Nf6 6. Ne2 Ne4 7. Nf4 Qd6 8. O-O
Be7 9. c4 c6 10. cxd5 cxd5 11. Nxe4 fxe4 12. Bb5+ Kd8 13. Qb3 Be6 14. Re1 Bf7
15. Rxe4 g5 16. Rxe7 Kxe7 17. Bd2 a5 18. Re1+ Kf6 19. Nd3 Nc6 20. Ne5 h6 21.
Qf3+ 1-0

[Event "4th London Classic Open"]
[Site "London ENG"]
[Date "2012.12.01"]
[Round "1"]
[White "Quinn,Joh"]
[Black "Shierlaw,Hamish"]
[Result "1/2-1/2"]
[WhiteElo "2127"]
[BlackElo "1582"]
[WhiteFideId "405043"]
[BlackFideId "4301765"]
[EventDate "2012.12.01"]

1. d4 Nf6 2. c4 e6 3. Nc3 d5 4. Bg5 h6 5. Bh4 Be7 6. e3 O-O 7. Nf3 b6 8. Bxf6
Bxf6 9. Qb3 dxc4 10. Bxc4 Bb7 11. Be2 Nd7 12. Rd1 Qe7 13. O-O c5 14. d5 exd5 15.
Nxd5 Bxd5 16. Rxd5 Rad8 17. Rfd1 Ne5 18. Nxe5 Bxe5 19. f3 Rxd5 20. Rxd5 Rd8 21.
Rxd8+ Qxd8 22. f4 Bf6 23. Qc2 Qd6 24. Bc4 Qd7 25. h3 Qe7 26. Kf2 Qd7 27. a4 Qd6
28. b3 Bh4+ 29. Kf3 Bf6 30. Kg3 Qe7 31. Qd3 Qd8 32. Bd5 Kf8 33. Kf3 g6 34. Qc4
Qd7 35. a5 Qe7 36. Qa6 Qc7 37. axb6 Qxb6 38. Qc8+ Bd8 39. e4 Qc7 40. Qa6 Qb6 41.
Qc4 Qc7 42. e5 Qe7 43. g3 Kg7 44. Qb5 Bb6 45. Qc6 h5 46. Ke4 Qd8 47. f5 gxf5+
48. Kxf5 Qe7 49. Qf6+ Qxf6+ 50. exf6+ Kg8 51. Kg5 Bc7 52. g4 hxg4 53. hxg4 Be5
54. Kf5 Bc7 55. Bc4 Bb8 56. Ke4 Bc7 57. Kd5 Bb6 58. Kd6 Kf8 59. g5 Ke8 60. Kc6
Kf8 61. Kd6 Ke8 62. Bb5+ Kf8 63. Bc6 Bd8 64. Kxc5 Bb6+ 65. Kd6 Be3 66. g6 fxg6
67. Ke6 g5 68. Kf5 Bf4 69. Bd5 Be3 70. Be6 Bf4 71. Kg6 1/2-1/2

[Event "4th London Classic Open"]
[Site "London ENG"]
[Date "2012.12.01"]
[Round "1"]
[White "Altman,Joshua"]
[Black "Friedland,J"]
[Result "0-1"]
[WhiteTitle "CM"]
[BlackTitle "CM"]
[WhiteElo "1555"]
[BlackElo "2125"]
[WhiteFideId "426210"]
[BlackFideId "408484"]
[EventDate "2012.12.01"]

1. e4 c5 2. Nc3 d6 3. f4 Nf6 4. Nf3 e6 5. Bb5+ Bd7 6. Bxd7+ Nbxd7 7. O-O Be7 8.
d3 a6 9. a4 Rb8 10. a5 b5 11. axb6 Qxb6 12. Kh1 O-O 13. Qe1 Rfe8 14. h3 Nf8 15.
Ne2 d5 16. Ng3 Qc6 17. e5 N6d7 18. f5 exf5 19. Nxf5 Ng6 20. Qg3 Bf8 21. h4 Kh8
22. Re1 Qe6 23. Nd6 Bxd6 24. exd6 Qf5 25. Rxe8+ Rxe8 26. Rxa6 Nde5 27. Qe1 Qc8
28. Nxe5 Nxe5 29. Qa5 Ng4 30. Bd2 Qf5 31. Qa1 Qe5 32. Qg1 Qg3 0-1